[Event "UKR-ch U14"]
[Site "Mukachevo"]
[Date "2010.02.17"]
[Round "3"]
[White "Vorontsov, Pavlo"]
[Black "Soroka, Danylo"]
[Result "1-0"]
[WhiteElo "1927"]
[BlackElo "2017"]
[PlyCount "147"]
[EventDate "2010.02.16"]
[EventType "tourn"]
[EventRounds "11"]
[EventCountry "UKR"]
[SourceTitle "CBM 135 Extra"]
[Source "ChessBase"]
[SourceDate "2010.05.04"]
[SourceVersion "1"]
[SourceVersionDate "2010.05.04"]
[SourceQuality "1"]

1. e4 c5 2. Nf3 Nc6 3. d3 g6 4. g3 Bg7 5. Bg2 e6 6. 0-0 Nge7 7. Re1 d6 8. c3 0-0 9. d4 cxd4 10. cxd4 Qb6 11. Nc3 Bd7 12. Na4 Qc7 13. Nc3 a6 14. e5 dxe5 15. dxe5 Rfd8 16. Bf4 Nb4 17. Qe2 Bc6 18. Rad1 Nbd5 19. Nxd5 Bxd5 20. Nd4 Bxg2 21. Kxg2 Rd5 22. Nf3 Rad8 23. Rxd5 Rxd5 24. Rd1 Qd7 25. Rxd5 Qxd5 26. Qd2 Nc6 27. Qe3 a5 28. b3 h5 29. h3 Kh7 30. Kh2 Kg8 31. Qc3 b5 32. Qe3 b4 33. g4 hxg4 34. hxg4 a4 35. Kg3 axb3 36. Qxb3 Qxb3 37. axb3 Kf8 38. Bd2 Ke8 39. Kf4 Kd7 40. Ke4 Kc7 41. Nd4 Nxe5 42. Bf4 f5+ 43. gxf5 gxf5+ 44. Nxf5 exf5+ 45. Kd5 Kd7 46. Bxe5 Bh6 47. Bd6 Bd2 48. Bc5 Bc3 49. Kc4 Be1 50. Kd5 Bc3 51. f3 Bd2 52. Bd6 Bc3 53. Bf8 Bd2 54. Bd6 Bc3 55. Bg3 Bd2 56. Bf2 Bc3 57. Be3 Ke7 58. Bf4 Kd7 59. Bg5 Bb2 60. Bh4 Ba1 61. Bf2 Bc3 62. Bc5 Bd2 63. Bf2 Bc3 64. Bc5 Bd2 65. Ke5 Kc6 66. Bf2 f4 67. Kd4 Kb5 68. Kd5 Be3 69. Bh4 Bc1 70. Be7 Be3 71. Bd6 Bd2 72. Ke4 Kc6 73. Bxf4 Be1 74. Be3 1-0